Southville International School and Colleges
Your cart is empty.
  • Cart
  • Lists
    Public lists Eva Luna New books Lux_list list_1
    Your lists Log in to create your own lists
  • Log in to your account
  • Your cookies
  • Search history
Southville International School and Colleges
  • Advanced search
  • Recent comments
  • Most popular
  • Libraries

Log in to your account

Log in with GOOGLE


If you do not have an external account, but do have a local account, you can still log in:

  1. Home
  2. MARC view: Writing Compilers and Interpreters:
Normal view MARC view ISBD view

Writing Compilers and Interpreters: (Record no. 24230)

[ view plain ]
MARC details
000 -LEADER
fixed length control field 00674nam a2200217 a 4500
005 - DATE AND TIME OF LATEST TRANSACTION
control field 20140310183513.0
008 - FIXED-LENGTH DATA ELEMENTS--GENERAL INFORMATION
fixed length control field 101106s19uu xx 00 eng d
020 ## - INTERNATIONAL STANDARD BOOK NUMBER
International Standard Book Number 9780470177075
050 ## - LIBRARY OF CONGRESS CALL NUMBER
Classification number QA 76.76.C65
Item number .M289 2009
100 ## - MAIN ENTRY--PERSONAL NAME
Personal name Mak, Ronald
245 ## - TITLE STATEMENT
Title Writing Compilers and Interpreters:
Remainder of title a modern software enginnering approach using Java.
250 ## - EDITION STATEMENT
Edition statement 3rd
260 ## - PUBLICATION, DISTRIBUTION, ETC. (IMPRINT)
Place of publication, distribution, etc Canada :
Name of publisher, distributor, etc Wiley Pub.,Inc,
Date of publication, distribution, etc 2009.
300 ## - PHYSICAL DESCRIPTION
Extent 840 p. :
Other physical details ill. ;
Dimensions 24 cm.
521 ## - TARGET AUDIENCE NOTE
Target audience note
650 ## - SUBJECT ADDED ENTRY--TOPICAL TERM
Topical term or geographic name as entry element Computers ( Computer programs)
650 ## - SUBJECT ADDED ENTRY--TOPICAL TERM
Topical term or geographic name as entry element Interpreters ( Computer programs)
650 ## - SUBJECT ADDED ENTRY--TOPICAL TERM
Topical term or geographic name as entry element Pascal ( computer program language)
942 ## - ADDED ENTRY ELEMENTS (KOHA)
Koha item type Books
Source of classification or shelving scheme Library of Congress Classification
Call number prefix Foreign
Holdings
Withdrawn status Lost status Source of classification or shelving scheme Damaged status Home library Current library Shelving location Date acquired Source of acquisition Total Checkouts Full call number Barcode Date last seen Price effective from Koha item type
    Library of Congress Classification   College Library College Library General Circulation Section 11/06/2010 Donation   QA 76.76.C65 .M289 2009 C11648 05/15/2018 03/10/2014 Books

Writing Compilers and Interpreters:

APA

Mak R., . (2009). Writing Compilers and Interpreters. Canada: Wiley Pub.,Inc.

Chicago

Mak Ronald, . 2009. Writing Compilers and Interpreters. Canada: Wiley Pub.,Inc.

Harvard

Mak R., . (2009). Writing Compilers and Interpreters. Canada: Wiley Pub.,Inc.

MLA

Mak Ronald, . Writing Compilers and Interpreters. Canada: Wiley Pub.,Inc. 2009.

  • Place hold
  • Print
  • Cite
  • Add to your cart (remove)
  • Save record
    BIBTEX Dublin Core MARCXML MARC (non-Unicode/MARC-8) MARC (Unicode/UTF-8) MARC (Unicode/UTF-8, Standard) MODS (XML) RIS
  • More searches
    Search for this title in:
    Other Libraries (WorldCat) Other Databases (Google Scholar) Online Stores (Bookfinder.com) Open Library (openlibrary.org)

Exporting to Dublin Core...

SOUTHVILLE LIBRARY

Southville International School and Colleges Library

1281 Tropical Ave. Cor. Luxembourg St., BF Homes International, Las Pinas City

Tel. No. 8256374 / 252358 Loc. 117/146

Powered by Koha